Statistics for Capitals by Country Shape

Click here to take the quiz!

General Stats

  • This quiz has been taken 48 times
  • The average score is 12 of 15

Answer Stats

Answer% Correct
Beijing
97%
Washington, D.C.
97%
London
92%
Madrid
92%
Paris
92%
Santiago
92%
Helsinki
89%
Tokyo
89%
Manila
86%
Athens
84%
Kuala Lumpur
76%
Port-Au-Prince
73%
Tbilisi
57%
Bangui
54%
Apia
30%

Score Distribution

Percentile by Number Answered

Percent of People with Each Score

Your Score History

You have not taken this quiz